03672nam a2200529 i 4500003001000000005001700010007000300027008004100030020001500071040003500086041000800121082002200129100004300151245018300194250002200377264005200399300004000451336002700491337003300518338002800551650003600579650003500615650004200650650004800692650002900740700005100769700005000820942001200870999001500882952013200897952013201029952013401161952013401295952013401429952012601563952013301689952013201822952013101954952013402085952013202219952013202351952013202483952013202615952013102747952013102878952013303009CO-BoRNBP20220317000642.0ta200326s2000 ck gr 000 0 spa d a9588052580 aCO-BoRNBPbspaerdacCO-BoRNBP0 aspa04a306.461bG65a2231 aGómez López, Augusto Javiereautor10aAmazonia colombianabenfermedades y epidemiasbun estudio de bioantropología históricacAugusto Javier Gómez López , Hugo Armando Soto Mayor, Ana Cristina Lesmes Patiño aPrimera edición 1aBogotá, ColombiabMinisterio de Culturac2000 a616 páginasbilustracionesc23 cm atextobtxt2rdacontent asin mediaciónbn2rdamedia avolumenbnc2rdacarrier17aAntropología médica2ARMARC17aEnfermedadesxHistoria2ARMARC17aEpidemiasxHistoriazColombia2ARMARC17aIndígenasxEnfermedadeszColombia2ARMARC17aMedicina popular2ARMARC1 aSotomayor Tribín, Hugo Armandoeautor9519111 a Lesmes Patiño, Ana Cristinaeautor9206411 2loccBK c4675d4675 00102ddc40708GENaMEDORADObMEDORADOcGENd2022-12-14l0o306.461 G65apDOR00193r2022-12-14 00:00:00tEj.1w2022-12-14yBK 00102ddc40708GENaMEPRICObMEPRICOcGENd2023-01-27l0o306.461 G65apPR00000395r2023-01-27 00:00:00tEj.1w2023-01-27yBK 00102ddc40708GENaMEPLLERASbMEPLLERAScGENd2023-02-24l0o306.461 G65apPLL00193r2023-02-24 00:00:00tEj.1w2023-02-24yBK 00102ddc40708GENaMEGUAMALbMEGUAMALcGENd2023-03-10l0o306.461 G65apGUA002145r2023-03-10 00:00:00tEj.1w2023-03-10yBK 00102ddc40708GENaMEMAPIRIbMEMAPIRIcGENd2023-04-18l0o306.461 G65apMAP0000232r2023-04-18 00:00:00tEj.1w2023-04-18yBK 00102ddc4070aMESMARTIbMESMARTIcGENd2023-04-18o306.461 G65apSM001043r2023-04-18 00:00:00tEj.1-2w2023-04-18yBK 00102ddc40708GENaMESARAMAbMESARAMAcGENd2023-06-01l0o304 461 G651apSJA00125r2023-06-01 00:00:00tEj.1w2023-06-01yBK 00102ddc40708GENaMELEJANIbMELEJANIcGENd2023-06-22l0o306.461 G65apLEJ00195r2023-06-22 00:00:00tEj.1w2023-06-22yBK 00102ddc40708GENaMECASTILbMECASTILcGENd2023-07-13l0o306.461 G65apEC01064r2023-07-13 00:00:00tEj.1w2023-07-13yBK 00102ddc40708GENaMEVHERMObMEVHERMOcGENd2023-09-12l0o616.09861 G65apVIS00755r2023-09-12 22:26:10tEj.1w2023-09-12yBK 00102ddc40708GENaMEURIBEbMEURIBEcGENd2024-07-16l0o616.09861 G65apURI00276r2024-07-16 08:26:35tEj.1w2024-07-16yBK 00102ddc40708GENaMEACACIAbMEACACIAcGENd2025-04-11l0o306.461 G65apACA02367r2025-04-11 07:40:55tEj.1w2025-04-11yBK 00102ddc40708GENaMEPLOPEZbMEPLOPEZcGENd2025-06-24l0o306.461 G65apPLZ02376r2025-06-24 15:34:42tEj.1w2025-06-24yBK 00102ddc40708GENaMEPLOPEZbMEPLOPEZcGENd2025-06-24l0o306.461 G65apPLZ02377r2025-06-24 15:39:42tEj.2w2025-06-24yBK 00102ddc40708GENaMEMACAREbMEMACAREcGENd2025-07-21l0o306.461 G65apLM02594r2025-07-21 15:24:29tEj.1w2025-07-21yBK 00102ddc40708GENaMESGUARObMESGUAROcGENd2025-08-12l0o306.461 G65apSG03888r2025-08-12 21:08:52tEj.1w2025-08-12yBK 00102lcc40708GENaMEPCONCObMEPCONCOcGENd2026-02-03l0o306.461 G65apPCON00591r2026-02-03 21:06:31tEj.1w2026-02-03yBK